banner koha

Leaf gas exchanges and production of kale under Ca(NO3 )2 concentrations in salinized nutrient solution (Registro n. 332059)

MARC details
000 -LÍDER
fixed length control field 04322nab a2200361 i 4500
003 - CÓDIGO MARC DA AGÊNCIA CATALOGADORA
Campo de controle BR-BrBNA
005 - DATA E HORA DA ÚLTIMA ATUALIZAÇÃO
Campo de controle 20250613124540.0
008 - CAMPO DE TAMANHO FIXO
fixed length control field 250613b2023 bl.mr|pooa||| 00| 0 eng |
040 ## - FONTE DA CATALOGAÇÃO
Agência catalogadora BR-BrBNA
Idioma da catalogação eng
072 ## - CATEGORIA AGRIS
Código AGRIS F60
Código do objeto 1624
072 ## - CATEGORIA AGRIS
Código AGRIS H50
072 ## - CATEGORIA AGRIS
Código AGRIS F01
100 ## - ENTRADA PRINCIPAL - NOME PESSOAL
Nome pessoal Silva, Daisy D. da
100 ## - ENTRADA PRINCIPAL - NOME PESSOAL
Nome pessoal Oliveira, Francisco de A. de
100 ## - ENTRADA PRINCIPAL - NOME PESSOAL
Nome pessoal Nascimento, Louize
100 ## - ENTRADA PRINCIPAL - NOME PESSOAL
Nome pessoal Sá, Francisco V. da S.
100 ## - ENTRADA PRINCIPAL - NOME PESSOAL
Nome pessoal Santos, Sandy T. dos
100 ## - ENTRADA PRINCIPAL - NOME PESSOAL
Nome pessoal Fernandes, Pedro D.
245 ## - TÍTULO PRINCIPAL
Título principal Leaf gas exchanges and production of kale under Ca(NO3 )2 concentrations in salinized nutrient solution
500 ## - NOTA GERAL
Nota geral Publicação on-line; 30 ref.; 2 tables; Sumaries (En, Pt)
942 ## - ADDED ENTRY ELEMENTS (KOHA)
Koha item type Analítica
520 ## - NOTA DE RESUMO
Nota de conteúdo <br/><br/>ABSTRACT: Adequate mineral supplementation can be a strategy to enable the use of brackish water in the production of vegetables. This study intended to evaluate the effect of calcium nitrate concentrations on leaf gas exchanges and yield of kale (Brassica oleracea L) fertigated with salinized nutrient solutions. The experiment was conducted in a randomized block experimental design (4 + 1), with four replicates. Four nutrient solutions prepared in brackish water (6.0 dS m-1) containing four concentrations of Ca(NO3 )2 [(750, 1,125, 1,500, and 1,875 mg L-1)] and a control treatment (standard nutrient solution using low-salinity water, 0.5 dS m-1 (750 mg L-1 of Ca(NO3 )2) were used in the study. The following analyses were performed: leaf gas exchanges, leaf area, and fresh matter yield. The standard nutrient solution promoted higher values for photosynthetic rate (13.06 µmol CO2 m-2 s-1), stomatal conductance (0.19 mol H2 O m-2 s-1), transpiration (2.76 mmol H2O m-2 s-1), instantaneous water use efficiency (4.73 mmol CO2 mol-1 H2 O), instantaneous carboxylation efficiency (0.053 mmol CO2 mol-1 CO2 ), leaf area (2.78 cm2 per plant), and leaf fresh matter yield (2.64 kg per plant). The Ca(NO3 )2 not nullified but mitigated the deleterious effect of salt stress on leaf gas exchanges, except for kale yield (leaf fresh matter).<br/><br/>Key words: Brassica oleracea L., soilless, salt stress, calcium
520 ## - NOTA DE RESUMO
Nota de conteúdo <br/><br/>RESUMO: A suplementação mineral adequada pode ser uma estratégia para viabilizar o uso de água salobra na produção de hortaliças. Este estudo teve como objetivo avaliar o efeito das concentrações de nitrato de cálcio nas trocas gasosas foliares e na produção de couve (Brassica oleracea L.) fertigada com soluções nutritivas salinizadas. O experimento foi conduzido em delineamento experimental em blocos casualizados (4 + 1), com quatro repetições. Foram utilizadas cinco soluções nutritivas, sendo quatro foram preparadas em água salobra (6,0 dS m-1) contendo quatro concentrações de Ca(NO3 )2 [(750, 125, 1.500 e 1.875 mg L-1)] e um tratamento controle (solução nutritiva padrão usando água de baixa salinidade, 0,5 dS m-1 (750 mg L-1 de Ca(NO3 )2 ) . As seguintes análises foram realizadas : trocas gasosas foliares, área foliar e produção de matéria fresca. A solução nutritiva padrão forneceu maiores valores para taxa fotossintética (13,06 µmol CO2 m-2 s-1), condutância estomática (0,19 mol H2 O m-2 s-1), transpiração (2,76 mmol H2O m-2 s-1), eficiência instantânea do uso da água (4,73 mmol CO2 mol-1 H2O), eficiência instantânea de carboxilação (0,053 mmol CO2 mol-1 CO2 ), área foliar (2,78 cm2 por planta) e produtividade de matéria fresca folhas (2,64 kg por planta).O Ca(NO3 )2 não anulou, mas atenuou o efeito deletério do estresse salino nas trocas gasosas foliares, com exceção da produção da couve (massa fresca de folhas).<br/><br/>Palavras-chave: Brassica oleracea L., cultivo sem solo, estresse salino, nitrato de cálcio
650 ## - ASSUNTO - THESAGRO
Cabeçalho tópico ou nome geográfico COUVE
650 ## - ASSUNTO - THESAGRO
Cabeçalho tópico ou nome geográfico SALINIDADE
650 ## - ASSUNTO - THESAGRO
Cabeçalho tópico ou nome geográfico STRESS
650 ## - ASSUNTO - THESAGRO
Cabeçalho tópico ou nome geográfico CULTIVO HIDROPÔNICO
650 ## - ASSUNTO - THESAGRO
Cabeçalho tópico ou nome geográfico TROCA GASOSA
650 ## - ASSUNTO - THESAGRO
Cabeçalho tópico ou nome geográfico FISIOLOGIA VEGETAL
773 0# - ENTRADA ANALÍTICA
Host Biblionumber 3534
Registro do item 317830
Imprenta Campina Grande-PB Universidade Federal de Campina Grande. Centro de Ciências e Tecnologia 1997
Outro identificador 2024-4549
Título Revista Brasileira de Engenharia Agrícola e Ambiental (Brazil)
ISSN 1415-4366
Colação v. 27 (2) p. 157-163; (2023)
Número de controle de registro BR2025001471
856 ## - ACESSO E ENDEREÇO ELETRÔNICO
Identificador uniforme de recurso - URI https://www.scielo.br/j/rbeaa/a/cGPKDXQz3QWBHzmj8Mtxw3H/?format=pdf&lang=en

Nenhum exemplar disponível.

BINAGRI

Telefone: (61)3218-2567/2388/3357/2097 - binagri@agro.gov.br

Ministério da Agricultura e Pecuária , Esplanada dos Ministérios, Bloco D, Anexo B, Brasília/DF, CEP: 70.043-900